Guide to places of the world. (Record no. 6887)
[ view plain ]
| 000 -LEADER | |
|---|---|
| fixed length control field | 00918cam a2200265 a 4500 |
| 001 - CONTROL NUMBER | |
| control field | 4497910 |
| 003 - CONTROL NUMBER IDENTIFIER | |
| control field | GBCCL |
| 005 - DATE AND TIME OF LATEST TRANSACTION | |
| control field | 20241126110614.0 |
| 008 - FIXED-LENGTH DATA ELEMENTS--GENERAL INFORMATION | |
| fixed length control field | 970618s1995 enkab e 000 0 eng |
| 010 ## - | |
| -- | 97163573 |
| 020 ## - INTERNATIONAL STANDARD BOOK NUMBER | |
| International Standard Book Number | 0276422139 |
| 040 ## - CATALOGING SOURCE | |
| Original cataloging agency | DLC |
| Transcribing agency | DLC |
| 050 00 - | |
| -- | G63 |
| -- | .G85 1995 |
| 082 00 - DEWEY DECIMAL CLASSIFICATION NUMBER | |
| Classification number | 910.3 |
| Edition information | 21 |
| Item number | REA |
| 245 00 - TITLE STATEMENT | |
| Title | Guide to places of the world. |
| Statement of responsibility, etc. | Reader's digest |
| 246 3# - | |
| -- | Reader's Digest guide to places of the world |
| 260 ## - PUBLICATION, DISTRIBUTION, ETC. | |
| Place of publication, distribution, etc. | London ; |
| -- | New York : |
| Name of publisher, distributor, etc. | Reader's Digest Association, |
| Date of publication, distribution, etc. | c1987. |
| 300 ## - PHYSICAL DESCRIPTION | |
| Extent | 735 p. : |
| Other physical details | col. ill., col. maps ; |
| Dimensions | 29 cm. |
| 500 ## - GENERAL NOTE | |
| General note | At head of title: Reader's Digest. |
| 650 #0 - SUBJECT ADDED ENTRY--TOPICAL TERM | |
| Topical term or geographic name entry element | Geography |
| General subdivision | Encyclopedias. |
| 9 (RLIN) | 12303 |
| 710 2# - ADDED ENTRY--CORPORATE NAME | |
| Corporate name or jurisdiction name as entry element | Reader's Digest Association (Great Britain) |
| 9 (RLIN) | 12304 |
| 906 ## - LOCAL DATA ELEMENT F, LDF (RLIN) | |
| a | 7 |
| b | cbc |
| c | orignew |
| d | 2 |
| e | ncip |
| f | 19 |
| g | y-gencatlg |
| 942 ## - ADDED ENTRY ELEMENTS (KOHA) | |
| Source of classification or shelving scheme | Dewey Decimal Classification |
| Koha item type | Reference Books |
| Withdrawn status | Lost status | Source of classification or shelving scheme | Damaged status | Not for loan | Home library | Current Library | Shelving location | Date acquired | Total checkouts | Full call number | Barcode | Date last seen | Copy number | Price effective from | Koha item type |
|---|---|---|---|---|---|---|---|---|---|---|---|---|---|---|---|
| Dewey Decimal Classification | GRACE BIBLE COLLEGE | GRACE BIBLE COLLEGE | Encyclopedia | 2018-07-02 | 910.3 REA | 008986 | 2025-05-01 | c.1 | 2018-07-02 | Reference Books |